Унифицированные системы документации: Сборник; ГОСТ 6.10.3-83 Унифицированные системы документации. Запись информации унифицированных документов в коммуникативном формате; ГОСТ 6.10.4-84 Унифицированные системы документации. Придание юридической силы документам на машинном носителе и машинограмме, создаваемым средствами вычислительной техники. Основные документы; ГОСТ 6.10.5-84 Унифицированные системы документации. Требования к построению формуляра-образца; ГОСТ 6.20.1-90 (ИСО 9735-88) Электронный обмен данными в управлении, торговле и транспорте (Эдифакт). Синтаксические правила; ГОСТ 6.20.2-90 (ИСО 7372-86) Элементы внешнеторговых данных

Bibliografiske detaljer
Institution som forfatter: Российская Федерация Государственный комитет по стандартизации и метрологии (Госстандарт России)
Sprog:russisk
Udgivet: Москва, Издательство стандартов, 2001
Udgivelse:Изд. официальное
TOC:ГОСТ 6.10.3-83 Унифицированные системы документации. Запись информации унифицированных документов в коммуникативном формате;
ГОСТ 6.10.4-84 Унифицированные системы документации. Придание юридической силы документам на машинном носителе и машинограмме, создаваемым средствами вычислительной техники. Основные документы;
ГОСТ 6.10.5-84 Унифицированные системы документации. Требования к построению формуляра-образца;
ГОСТ 6.20.1-90 (ИСО 9735-88) Электронный обмен данными в управлении, торговле и транспорте (Эдифакт). Синтаксические правила;
ГОСТ 6.20.2-90 (ИСО 7372-86) Элементы внешнеторговых данных;
Serier:Государственные стандарты
Fag:
Format: MixedMaterials Bog
KOHA link:https://koha.lib.tpu.ru/cgi-bin/koha/opac-detail.pl?biblionumber=148497

MARC

LEADER 00000nam0a2200000 4500
001 148497
005 20231031145503.0
035 |a (RuTPU)RU\TPU\book\160994 
035 |a RU\TPU\book\160989 
090 |a 148497 
100 |a 20081203d2001 km y0rusy50 ca 
101 0 |a rus 
102 |a RU 
105 |a a l 000zy 
200 1 |a Унифицированные системы документации  |e Сборник 
205 |a Изд. официальное 
210 |a Москва  |c Издательство стандартов  |d 2001 
215 |a 72 с.  |c ил. 
225 1 |a Государственные стандарты 
229 |a Сборник "Унифицированные системы документации" содержит стандарты, утвержденные до 1 апреля 2001 г. 
464 |t ГОСТ 6.10.3-83 Унифицированные системы документации. Запись информации унифицированных документов в коммуникативном формате 
464 |t ГОСТ 6.10.4-84 Унифицированные системы документации. Придание юридической силы документам на машинном носителе и машинограмме, создаваемым средствами вычислительной техники. Основные документы 
464 |t ГОСТ 6.10.5-84 Унифицированные системы документации. Требования к построению формуляра-образца 
464 |t ГОСТ 6.20.1-90 (ИСО 9735-88) Электронный обмен данными в управлении, торговле и транспорте (Эдифакт). Синтаксические правила 
464 |t ГОСТ 6.20.2-90 (ИСО 7372-86) Элементы внешнеторговых данных 
610 1 |a ГОСТы 
610 1 |a документы 
610 1 |a запись 
610 1 |a информация 
610 1 |a образцы 
610 1 |a электронный обмен 
610 1 |a данные 
610 1 |a базы данных 
610 1 |a торговля 
610 1 |a транспорт 
712 0 1 |a Российская Федерация  |b Государственный комитет по стандартизации и метрологии (Госстандарт России)  |c (1999-2004)  |2 stltpush  |3 (RuTPU)RU\TPU\col\12458 
801 1 |a RU  |b 63413507  |c 20031205  |g PSBO 
801 2 |a RU  |b 63413507  |c 20221208  |g PSBO 
942 |c BK